Twelve Great Short Stories Form Bengal: (Record no. 167106)

MARC details
000 -LEADER
fixed length control field 00602nam a22001817a 4500
010 ## - LCCN (DPL NO)
LC control number ENG-126270
020 ## - INTERNATIONAL STANDARD BOOK NUMBER
Terms of availability 350.00
International Standard Book Number 978-81-8206-076-0
035 ## - SYSTEM CONTROL NUMBER
System control number EN-109802
037 ## - SOURCE OF ACQUISITION
Source of stock number/acquisition DBAD/PUB
082 ## - DEWEY DECIMAL CLASSIFICATION NUMBER
Classification number S
100 ## - MAIN ENTRY--PERSONAL NAME
Personal name Matilal, Phalguni
245 ## - TITLE STATEMENT
Title Twelve Great Short Stories Form Bengal:
Statement of responsibility, etc Translated by Phalguni Matilal
Remainder of title Rabindranath To Samaresh Basu/
260 ## - PUBLICATION, DISTRIBUTION, ETC. (IMPRINT)
Place of publication, distribution, etc Kolkata
Name of publisher, distributor, etc TOWARDS FREEDOM
Date of publication, distribution, etc 2018
270 ## - ADDRESS
City Kolkata
Electronic mail address towardsfreedom@gmail.com
Address AH-202, Sector II, Salt Lake
Postal code 700091
Telephone number 9331030579
300 ## - PHYSICAL DESCRIPTION
Extent 272p.
Dimensions 21cm(pbk)
Other physical details ill
700 ## - ADDED ENTRY--PERSONAL NAME
Personal name Phalguni Matilal
942 ## - ADDED ENTRY ELEMENTS (KOHA)
Source of classification or shelving scheme Dewey Decimal Classification
Item type English Books
Classification part S
Call number suffix MAT
Holdings
Withdrawn status Lost status Not for loan Collection code Home library Current library Date acquired Source of acquisition Cost, normal purchase price Full call number Barcode Copy number Cost, replacement price Koha item type
      Non-fiction Sarojini Nagar Sarojini Nagar 21/08/2019 DBAD/PUB 350.00 S MAT EN-109802 1 350.00 English Books

© Delhi Public Library
Hit Counter
free hit counter